Central Library OPAC University of Rajshahi

Intramurals : (Record no. 50100)

MARC details
000 -LEADER
fixed length control field 00674nam a2200229 a 4500
001 - CONTROL NUMBER
control field 50100
003 - CONTROL NUMBER IDENTIFIER
rucl marc code BD-RjUL
005 - DATE AND TIME OF LATEST TRANSACTION
control field 20211209075446.0
008 - FIXED-LENGTH DATA ELEMENTS--GENERAL INFORMATION
fixed length control field 160823s1963 enk||||| |||| 001 0 eng d
035 ## - SYSTEM CONTROL NUMBER
System control number (BD-RjUL) 50220
040 ## - CATALOGING SOURCE
Original cataloging agency BD-RjUL
Language of cataloging eng
Transcribing agency BD-RjUL
Modifying agency BD-RjUL
041 ## - LANGUAGE CODE
Language code of text/sound track or separate title eng
082 ## - DEWEY DECIMAL CLASSIFICATION NUMBER
Edition number 23
Classification number 371.74
Author mark and year MEI 1963
100 10 - MAIN ENTRY--PERSONAL NAME
Personal name Means, Louis E.
9 (RLIN) 150147
245 10 - TITLE STATEMENT
Title Intramurals :
Remainder of title their organization and administration /
Statement of responsibility, etc. Louis E Means
260 ## - PUBLICATION, DISTRIBUTION, ETC. (IMPRINT)
Place of publication, distribution, etc. Engiewood :
Name of publisher, distributor, etc. Prentice-hall,
Date of publication, distribution, etc. c1963
300 ## - PHYSICAL DESCRIPTION
Pagination xi, 403 p. ;
Illustrations ill. ;
Size 26 cm.
500 ## - GENERAL NOTE
General note Include index
650 ## - SUBJECT ADDED ENTRY--TOPICAL TERM
Topical term or geographic name as entry element Intramural sports
9 (RLIN) 149601
Topical term or geographic name as entry element Sports intra-muros.
9 (RLIN) 150148
942 ## - ADDED ENTRY ELEMENTS (KOHA)
Source of classification or shelving scheme Dewey Decimal Classification
Koha item type Books
Holdings
Lost status Source of classification or shelving scheme Damaged status Not for loan Collection code Permanent Location Current Location Shelving location Date acquired Source of acquisition Cost, normal purchase price Total Checkouts Full call number Date last seen Copy number Koha item type
  Dewey Decimal Classification     Non-fiction Central Library, University of Rajshahi Central Library, University of Rajshahi   21/10/1970 Swets & zeitlinger 84.00   371.74 MEI 1963 23/08/2016 C-2 Books
  Dewey Decimal Classification     Non-fiction Central Library, University of Rajshahi Central Library, University of Rajshahi   21/10/1970 Swets & zeitlinger 84.00   371.74 MEI 1963 23/08/2016 C-3 Books